Текст томруулах:    
Handbook of training evaluation and measurement methods (Бичлэгийн дугаар. 146026)
000 -УДИРДЛАГА
Удирдлага 00939nam a22003137a 4500
003 - ХЯНАЛТЫН ТОО ТОДОРХОЙЛОГЧ
Код MN-UlNUM
005 - БИЧИЛТ ХИЙСЭН ОГНОО
Тухайн бичилтийг бичсэн засварласан сүүлийн огноо 20251230095433.0
008 - ЕРӨНХИЙ МЭДЭЭЛЭЛ
Ерөнхий мэдээлэл 251230s1991 txuab||| |||| 001 0 eng |
020 ## - ISBN
ISBN 0872011747
040 ## - БИЧЛЭГ ҮҮСГЭГЧ БАЙГУУЛЛАГА
Бичлэг үүсгэгч номын сангийн код МУИС-ийн номын сан
084 ## - ББК АНГИЛАЛ
Нэмэлт тусгалт Гарын авлага
ББК ангилал 65.290-2
Зохиогчийн гурван тэмдэгт P 56
Мэдлэгийн ялгаа 65 - Эдийн засаг
100 1# - ЗОХИОГЧ
Зохиогчийн нэр Phillips, Jack J.,
Зохиогчийн огноо 1945-
245 10 - ҮНДСЭН ГАРЧИГ
Номын нэр Handbook of training evaluation and measurement methods
Оролцогчдын тухай мэдээ Jack J. Phillips.
250 ## - ДАХИН ХЭВЛЭЛТ
Дахин гаралтын дугаар 2nd ed.
260 ## - ГАРАЛТЫН МЭДЭЭ
Хэвлэгдсэн газар Houston :
Хэвлэлийн газар Gulf Pub. Co.
Хэвлэгдсэн он 1991.
300 ## - МАТЕРИАЛЫН ТОДОРХОЙЛОЛТ
хуудасны тоо xiv, 415 p. :
Бусад тоон мэдээлэл ill. ;
Хэмжээ 24 cm.
500 ## - Тайлбар
Дансны дугаар БС 4764
546 ## - ХЭЛНИЙ ТУХАЙ МЭДЭЭ
Хэл Англи хэл дээр,
653 ## - Түлхүүр үг
Түлхүүр үг employees
653 ## - Түлхүүр үг
Түлхүүр үг training of
653 ## - Түлхүүр үг
Түлхүүр үг evaluation
740 ## - НОМЫН ГАРЧИГ
Гарчиг The need for Result-Oriented HRD
740 ## - НОМЫН ГАРЧИГ
Гарчиг The Trend Toward Measurement
740 ## - НОМЫН ГАРЧИГ
Гарчиг Developing a Result-Oriented Approach
740 ## - НОМЫН ГАРЧИГ
Гарчиг A results-oriented HRD Model
942 ## - ЭЛЕМЕНТИЙН ТӨРӨЛ
Зүйлийн төрөл Ном